| 000 | 00988nam a22002417a 4500 | ||
|---|---|---|---|
| 999 |
_c15622 _d15622 |
||
| 003 | MIRAKIL | ||
| 005 | 20240312150350.0 | ||
| 008 | 240312b tu ||||| |||| 00| 0 tur d | ||
| 020 | _a9789751746351 | ||
| 040 |
_aTR-AnCHP _cTR-AnCHP |
||
| 041 | _atur | ||
| 082 |
_a415 _bÇ24y 2020 |
||
| 100 | _aÇalışkan, Nihal | ||
| 245 | 1 | 0 |
_aYüksek sıklıktaki adlar: zaman sözcük biçimi üzerine derlem temelli bir inceleme : _b(eş dizimlilikler, biçim birimi dizileri, dil bilgisel örüntüler ve semantik prozodi) / _cNihal Çalışkan. |
| 246 | _aYüksek sıklıktaki adlar | ||
| 260 |
_aAnkara : _bTürk Dil Kurumu, _c2020 |
||
| 300 |
_a213 sayfa : _btablo ; _c24 cm |
||
| 490 | 0 |
_aAtatürk Kültür, Dil ve Tarih Kurumu Yüksek Kurumu Türk Dil Kurumu yayınları ; _v1364. |
|
| 504 | _aKaynakça: 201-209. sayfa | ||
| 650 | 0 |
_97716 _aTürk dili _xdil bilgisi |
|
| 856 | _zDijital Nüshası için Partimizin Kütüphane Sorumlusu ile iletişime geçiniz. | ||
| 942 |
_2ddc _cBKS |
||